000 00537nmm a2200181Ia 4500
008 251105s9999||||xx |||||||||||||||||und||
020 _a9788416867950
041 _aspa
100 _aMoore, Alan
245 0 _aLa voz del fuego
264 _a[Madrid, España] :
_bRoca Editorial,
_c[Fecha de publicación no identificada]
300 _a0 páginas
650 _aScience fiction & Fantasy
700 _aMoore, Alan
700 1 _a Vázquez Nacarino, Eugenia
856 _uhttps://public.digitaliapublishing.com/a/82067
942 _cCF
999 _c68999
_d68999